Suomen suurimmat saaret - Statistics

Yleistilastot
  • Tätä visaa on pelattu 200 kertaa
  • Keskiarvotulos 5 / 18
Vastaustilastot
Pinta-ala (km2) Maakunta Saari % Oikein
200 Pohjois-Pohjanmaa Hailuoto
82%
524 Varsinais-Suomi Kemiönsaari
66%
685 Ahvenanmaa {Manner}-Ahvenanmaa
55%
160 Pohjanmaa Raippaluoto
44%
1638 Pohjois-Savo / Etelä-Savo Soisalo
43%
72 Varsinais-Suomi Iso-{Nauvo}
36%
91 Ahvenanmaa Eckerö
32%
92 Ahvenanmaa Lemland
25%
76 Pohjois-Pohjanmaa Manamansalo
20%
170 Etelä-Savo Partalansaari
12%
90 Keski-Pohjanmaa Öja
7%
1069 Etelä-Savo Sääminginsalo
7%
105 Varsinais-Suomi Otava
6%
74 Etelä-Karjala Äitsaari
5%
70 Varsinais-Suomi Ålön
5%
174 Etelä-Savo Hurissalo
3%
115 Etelä-Savo Viljakansaari
3%
126 Etelä-Savo /Etelä-Karjala Haukonsalo
1%
Ehtoja vastaavia visoja ei löytynyt
Tulosjakauma
Jokaisen tuloksen saaneiden osuus
Persentiili vastausten määrän mukaan
Tuloshistoriasi
Et ole pelannut tätä visaa